000 00547nam a2200205 a 4500
003 AR-BaBNM
005 20251128203423.0
008 082120s2002 ||||||||||||||000 | spa||
040 _cAR-BaBNM
100 1 _aMiragaya, Eduardo
245 0 0 _aDiccionario de correcciones y palabras que se emplean equivocadamente en sustitución de las verdaderas
260 _aBuenos Aires
_bEbro
_c1945
300 _a228 p.
650 4 _aDICCIONARIOS
650 4 _aESPAÑOL
650 4 _aSEMANTICA
655 _aREFERENCIA
942 _cBK
998 _claura
999 _c3306
_d3306